Prasuti Tantra (Record no. 211437)

MARC details
000 -LEADER
fixed length control field 00581nam a22001937a 4500
005 - DATE AND TIME OF LATEST TRANSACTION
control field 20250529141932.0
010 ## - LCCN (DPL NO)
LC control number ENG-144999
020 ## - INTERNATIONAL STANDARD BOOK NUMBER
Terms of availability 300.00
035 ## - SYSTEM CONTROL NUMBER
System control number EN-128531
037 ## - SOURCE OF ACQUISITION
Source of stock number/acquisition DBAD
082 ## - DEWEY DECIMAL CLASSIFICATION NUMBER
Classification number 618
100 ## - MAIN ENTRY--PERSONAL NAME
Personal name Kulkarni,P.H.
245 ## - TITLE STATEMENT
Title Prasuti Tantra
Statement of responsibility, etc P.H. Kulkarni
Remainder of title The Obstetrics in Ayurveda
260 ## - PUBLICATION, DISTRIBUTION, ETC. (IMPRINT)
Place of publication, distribution, etc Kothrud
Date of publication, distribution, etc Deerghaya International
Name of publisher, distributor, etc 2018
270 ## - ADDRESS
Address 36,Kothrud Gaothan Near Mhatoba Mandir,Bodhi Vruksha,Navgraha Hanuman Madir
City pune
Postal code 411038
300 ## - PHYSICAL DESCRIPTION
Extent 172p.
Dimensions 21(pb)
760 ## - MAIN SERIES ENTRY
Edition 1
942 ## - ADDED ENTRY ELEMENTS (KOHA)
Source of classification or shelving scheme Dewey Decimal Classification
Item type English Books
Classification part 618
Call number suffix KUL
Holdings
Withdrawn status Lost status Not for loan Collection code Home library Current library Date acquired Source of acquisition Cost, normal purchase price Full call number Barcode Copy number Cost, replacement price Koha item type
    Not For Loan Non-fiction D.B.Act.Division D.B.Act.Division 29/05/2025 DBAD 300.00 618 KUL EN-128531 1 300.00 English Books

© Delhi Public Library
Hit Counter
free hit counter